01218nam a2200229Ia 4500008004100000100002000041245002100061260002300082260000900105300000800114999001700122952008100139952008100220952009300301952008100394952009300475952008100568952008100649952008100730952008100811952009600892170620s9999    xx            000 0 und d  aBalyan.Devendra 0aYog Aur Swasthya  bNew delhi.Khel.S.k  c2005  a203  c27509d27509  00102ddc4070a17b17d2017-07-01l0p17-B-271r2017-07-01w2017-07-01y01  00102ddc4070a17b17d2017-07-01l0p17-B-272r2017-07-01w2017-07-01y01  00102ddc4070a17b17d2017-07-01l1p17-B-273r2021-03-31s2021-03-23w2017-07-01y01  00102ddc4070a17b17d2017-07-01l0p17-B-274r2017-07-01w2017-07-01y01  00102ddc4070a17b17d2017-07-01l8p17-B-275r2025-07-10s2025-05-29w2017-07-01y01  00102ddc4070a17b17d2017-07-01l0p17-B-276r2017-07-01w2017-07-01y01  00102ddc4070a17b17d2017-07-01l0p17-B-277r2017-07-01w2017-07-01y01  00102ddc4070a17b17d2017-07-01l0p17-B-278r2017-07-01w2017-07-01y01  00102ddc4070a17b17d2017-07-01l0p17-B-279r2017-07-01w2017-07-01y01  00102ddc4070a17b17d2017-07-01l3m1p17-B-280r2024-06-18s2024-06-06w2017-07-01y01